AGRO-FORESTRY POTENTIAL IN BATTAMBANG PROVINCE សក្ដានុពលកសិរុក្ខកម្មនៅខេត្ដបាត់ដំបង (Record no. 235)
[ view plain ]
| 000 -LEADER | |
|---|---|
| fixed length control field | 00488nam a22001457a 4500 |
| 003 - CONTROL NUMBER IDENTIFIER | |
| control field | OSt |
| 005 - DATE AND TIME OF LATEST TRANSACTION | |
| control field | 20150910150539.0 |
| 008 - FIXED-LENGTH DATA ELEMENTS--GENERAL INFORMATION | |
| fixed length control field | 150910b xxu||||| |||| 00| 0 eng d |
| 040 ## - CATALOGING SOURCE | |
| Transcribing agency | RUA |
| 082 ## - DEWEY DECIMAL CLASSIFICATION NUMBER | |
| Classification number | AGR ហម 1995 B011 Or. |
| 100 ## - MAIN ENTRY--PERSONAL NAME | |
| 9 (RLIN) | 252 |
| Personal name | ហម វណ្ណា |
| 245 ## - TITLE STATEMENT | |
| Title | AGRO-FORESTRY POTENTIAL IN BATTAMBANG PROVINCE សក្ដានុពលកសិរុក្ខកម្មនៅខេត្ដបាត់ដំបង |
| 300 ## - PHYSICAL DESCRIPTION | |
| Extent | 92p. |
| Other physical details | ill. |
| Dimensions | 29cm. |
| 942 ## - ADDED ENTRY ELEMENTS (KOHA) | |
| Source of classification or shelving scheme | |
| Koha item type | AGR |
| Price effective from | Date last seen | Permanent Location | Not for loan | Date acquired | Source of classification or shelving scheme | Koha item type | Barcode | Lost status | Damaged status | Shelving location | Withdrawn status | Current Location | Full call number |
|---|---|---|---|---|---|---|---|---|---|---|---|---|---|
| 2015-09-10 | 2015-09-10 | Library Block B | 2015-09-10 | AGR | RUA003624 | B011 | Library Block B | AGR ហម 1995 B011 Or.1 | |||||
| 2015-09-10 | 2015-09-10 | Library Block B | 2015-09-10 | AGR | RUA003830 | B011 | Library Block B | AGR ហម 1995 B011 Or.2 | |||||
| 2015-09-10 | 2015-09-10 | Library Block B | 2015-09-10 | AGR | RUA003766 | Library Block B | AGR ហម 1995 B011 Or.3 | ||||||
| 2015-09-10 | 2015-09-10 | Library Block B | 2015-09-10 | AGR | Library Block B | AGR ហម 1995 B011 Or. |